| 000 | 00782nam a2200265 a 4500 | ||
|---|---|---|---|
| 001 | 53311 | ||
| 003 | BD-RjUL | ||
| 005 | 20211209075937.0 | ||
| 008 | 161005s1934 enka b 001 0 eng | ||
| 035 | _a(BD-RjUL)53431 | ||
| 035 | _a(OCoLC)2079785 | ||
| 040 |
_aDLC _cGAT _dOCoLC _dBD-RjUL _beng |
||
| 041 | _aeng | ||
| 082 |
_a536.5 _223 _bGRT 1934 |
||
| 100 | 1 |
_aGriffiths, Roosevelt. _9159353 |
|
| 245 | 1 | 0 |
_aThermostats and temperature regulating instruments / _cby Roosevelt Griffiths, |
| 260 |
_aLondon : _bC. Griffin, _c1934. |
||
| 300 |
_a157 p. : _bill. ; _c23 cm. |
||
| 490 | 0 | _aGriffin's scientific textbooks | |
| 500 | _aInclude index | ||
| 650 | 0 |
_aThermostat. _9159354 |
|
| 740 | 0 | _aTemperature regulating instruments. | |
| 942 |
_2ddc _cBK |
||
| 999 |
_c53311 _d53311 |
||